| 000 | 00600nam a22001817a 4500 | ||
|---|---|---|---|
| 003 | DO-SdBNP | ||
| 005 | 20171129111718.0 | ||
| 008 | 171129b sp1975||||| |||| 00| 0 spa d | ||
| 040 |
_aBPMSU _bspa _cBPMSU |
||
| 100 | _aGrée, Alain | ||
| 245 | 1 |
_aTom, Irene y los animales domésticos / _cAlain Grée ; ilustrado por Gerard Grée bajo la dirección pedagógica de Marguerite Delchet |
|
| 260 |
_aBarcelona : _bJuventud, _c1975 |
||
| 300 |
_a21 p. : _bil. ; _c25 cm. |
||
| 490 |
_aPanorama ; _aTom e Irene |
||
| 830 |
_aPanorama _pTom e Irene |
||
| 942 |
_2ddc _cBK |
||
| 945 | _aInventariado, 2017/MFF | ||
| 999 |
_c13209 _d13209 |
||